| 000 | 01025nam a2200253 a 4500 | ||
|---|---|---|---|
| 001 | 000030649 | ||
| 005 | 20200930062429.0 | ||
| 008 | 110525s2009 dr 001 0 spa d | ||
| 020 | _a9789945130812 | ||
| 040 |
_aDO-SdBNP _bspa _cBNPHU |
||
| 082 |
_a346.064 _bR426L, 2009 |
||
| 110 | 1 |
_aRepublica Dominicana. _9447 |
|
| 240 | 1 | 0 | _a[Leyes, etc.] |
| 245 | 1 | 0 |
_aLey 122-05 para la regulación y fomento de las asociaciones sin fines de lucro en República Dominicana y el reglamento 40-08 para la aplicación de la ley no. 122-05 / _cpresentación Regla Brito de Vargas. |
| 250 | _a2ª ed. corr. | ||
| 260 |
_aSanto Domingo : _bAlinza ONG, _c2009. |
||
| 300 |
_a168 p. : _bil. ; _c21 cm. |
||
| 590 | _aInventariado, 2018/LP | ||
| 650 | 4 |
_aOrganizaciones sin animo de lucro _xLegislación _957236 |
|
| 650 | 4 |
_aOrganizaciones no-gubernamentales _xLegislación _957237 |
|
| 651 | 4 |
_aRepública Dominicana _xLey 122-05 _957238 |
|
| 700 | 1 | 2 |
_aBrito de Vargas, Regla, _epresent. _957210 |
| 910 | _aValidado. Control de calidad EMS | ||
| 999 |
_c30141 _d30141 |
||